Educación en derechos humanos: apuntes para una nueva práctica

Uloženo v:
Podrobná bibliografie
Hlavní autor: Magendzo K., Abraham (autor)
Médium: Kniha
Jazyk:španělština
Vydáno: Santiago Corporación Nacional de Reparación y Reconciliación 1994
Edice:Colección propuestas, 1
Témata:
Tagy: Přidat tag
Žádné tagy, Buďte první, kdo vytvoří štítek k tomuto záznamu!

MARC

LEADER 00000nam a2200000 a 4500
001 UCY5787
003 CL-VaPUC
008 950512e19940800CL |||||||||||||||||spa|d
082 0 4 |a 323  |b MAG  |2 21 
100 |a Magendzo K., Abraham  |e autor  |9 616737 
245 1 0 |a Educación en derechos humanos: apuntes para una nueva práctica 
300 |a 188 p 
942 |c BK 
945 |d 19950512 00:00:00  |a cmena 
260 |a Santiago  |b Corporación Nacional de Reparación y Reconciliación  |c 1994 
650 0 |a Derechos humanos  |9 223025 
650 0 |a Educación  |9 258661 
650 0 |a Educación cívica  |9 314665 
650 0 |a Educación para la paz  |9 335006 
650 0 |a Ética  |9 255099 
650 7 |a DOCENCIA  |2 CL-VaPUC  |9 335007 
650 0 |a Docentes  |9 311365 
650 0 |a Democracia  |9 255256 
650 7 |a CAPACITACION DEL PERSONAL DE EDUCACION  |2 CL-VaPUC  |9 335008 
650 0 |a Formación de docentes  |9 329378 
650 0 |a Estado y educación   |9 311264 
650 0 |a Estado  |9 255503 
651 7 |a CHILE  |2 CL-VaPUC  |9 335009 
583 |a last modification  |c 19950512 00:00:00  |k Rodrigo Vera 
490 0 |a Colección propuestas, 1 
999 |c 233400  |d 233398 
952 |0 0  |1 0  |4 0  |6 323_000000000000000_MAG_1994  |7 0  |8 P  |9 238908  |a BIBEDU  |b BIBEDU  |c BIBEDU_PB  |d 2019-11-18  |i 1502980  |o 323 MAG 1994  |p 1502980  |r 2024-01-25  |w 2019-11-18  |y BK  |k EDU 
952 |0 0  |1 0  |4 0  |6 323_000000000000000_MAG_1994  |7 0  |8 P  |9 238909  |a BIBEDU  |b BIBEDU  |c BIBEDU_PB  |d 2019-11-18  |i 3077020  |o 323 MAG 1994  |p 3077020  |r 2024-01-25  |w 2019-11-18  |y BK  |k EDU